Možnosti dekontaminácie povrchov od rádionuklidov
Saved in:
| Main Author: | |
|---|---|
| Other Authors: | |
| Format: | Manuscript Book |
| Language: | Slovak |
| Published: |
2025
|
| Subjects: | |
| Online Access: | http://is.stuba.sk/zp/portal_zp.pl?podrobnosti=183730 |
| Tags: |
No Tags, Be the first to tag this record!
|
MARC
| LEADER | 00000ntm a22000003a 4500 | ||
|---|---|---|---|
| 001 | stuzp105520 | ||
| 003 | SK-STU | ||
| 005 | 20250614213859.9 | ||
| 007 | ta | ||
| 008 | 150427s2015----xo-----f-mn---000-0-slo-d | ||
| 040 | |a STU |b slo | ||
| 041 | 0 | |a slo | |
| 100 | 1 | |a Valová, Tatiana |u 065000 |4 aut |U MTF Materiálovotechnologická fakulta |T MTF Ústav integrovanej bezpečnosti |X 127729 |U M5000 |Y 85 |7 127729 | |
| 242 | 0 | 1 | |a Possibilities for surface decontamination from radionuclides |y eng |
| 245 | 1 | 0 | |a Možnosti dekontaminácie povrchov od rádionuklidov |
| 260 | |c 2025 | ||
| 650 | 4 | |a remediation technologies |2 eng | |
| 650 | 4 | |a decontamination |2 eng | |
| 650 | 4 | |a radiopharmaceuticals |2 eng | |
| 650 | 4 | |a contamination |2 eng | |
| 650 | 4 | |a rádiofarmakum |2 slo | |
| 650 | 4 | |a kontaminácia |2 slo | |
| 650 | 4 | |a remediačné technológie |2 slo | |
| 650 | 4 | |a dekontaminácia |2 slo | |
| 700 | 1 | |a Sirotiak, Maroš |u 065100 |k Z1 |4 ths |U MTF Ústav integrovanej bezpečnosti |T MTF Katedra environmentálneho inžinierstva |X 3580 |U M5100 |Y 194 |7 A000003580 | |
| 856 | 4 | |u http://is.stuba.sk/zp/portal_zp.pl?podrobnosti=183730 | |
| 996 | |c M* DP-15666 |l MMSKP |s P |a 0 |w stuzp105520_0001 | ||